00551 2200193 4500001002100000005001500021035002000036008004100056245008800097100002100185260003500206300002600241020002200267084001400289082000800303650002200311990001200333990001200345INLIS00000000001042120220713102837 a0010-0222000224220713 g 0 ind 1 aMembangun Integritas, Akuntabilitas dan Efektivitas Pemerintahan /cRoby Arya Brata0 aROBY, Arya Brata aDepok :bPustaka Kemang,c2018 aix,323.hlm. ;c23 cm. a978-602-61800-5-6 a350 ROB m a350 4aPEMERINTAHAN UMUM a17179 a a17179 b